<?xml version="1.0" encoding="UTF-8"?>
<record
    xmlns:xsi="http://www.w3.org/2001/XMLSchema-instance"
    xsi:schemaLocation="http://www.loc.gov/MARC21/slim http://www.loc.gov/standards/marcxml/schema/MARC21slim.xsd"
    xmlns="http://www.loc.gov/MARC21/slim">

  <leader>01761nas1a2200313 i 4500</leader>
  <controlfield tag="001">RU\NLR\DRGNLR\4488</controlfield>
  <controlfield tag="005">20240729012840.0</controlfield>
  <datafield tag="035" ind1=" " ind2=" ">
    <subfield code="a">(NLR Aleph) 010313060</subfield>
  </datafield>
  <datafield tag="090" ind1=" " ind2=" ">
    <subfield code="a">10643943</subfield>
    <subfield code="c">10643943</subfield>
  </datafield>
  <datafield tag="100" ind1=" " ind2=" ">
    <subfield code="a">20080514b19061907u  y0rusy50      ca</subfield>
  </datafield>
  <datafield tag="101" ind1="0" ind2=" ">
    <subfield code="a">rus</subfield>
  </datafield>
  <datafield tag="102" ind1=" " ind2=" ">
    <subfield code="a">RU</subfield>
  </datafield>
  <datafield tag="110" ind1=" " ind2=" ">
    <subfield code="a">caa||||||||</subfield>
  </datafield>
  <datafield tag="200" ind1="1" ind2=" ">
    <subfield code="a">&#x421;&#x43E;&#x432;&#x440;&#x435;&#x43C;&#x435;&#x43D;&#x43D;&#x430;&#x44F; &#x43C;&#x44B;&#x441;&#x43B;&#x44C;</subfield>
    <subfield code="e">[&#x415;&#x436;&#x435;&#x434;&#x43D;. &#x43F;&#x43E;&#x43B;&#x438;&#x442;.-&#x44D;&#x43A;&#x43E;&#x43D;. &#x438; &#x43B;&#x438;&#x442;. &#x433;&#x430;&#x437;.]</subfield>
    <subfield code="f">&#x420;&#x435;&#x434;.-&#x438;&#x437;&#x434;. &#x424;.&#x421;.&#x413;&#x440;&#x443;&#x437;&#x434;&#x435;&#x432;</subfield>
  </datafield>
  <datafield tag="207" ind1=" " ind2="1">
    <subfield code="a">1906, 1 &#x43E;&#x43A;&#x442;. - 1907, 1 &#x44F;&#x43D;&#x432;.</subfield>
  </datafield>
  <datafield tag="210" ind1=" " ind2=" ">
    <subfield code="a">&#x421;&#x41F;&#x431;</subfield>
    <subfield code="d">1906</subfield>
  </datafield>
  <datafield tag="311" ind1=" " ind2=" ">
    <subfield code="a">&#x418;&#x437;&#x434;. &#x432;&#x43C;&#x435;&#x441;&#x442;&#x43E; &#x433;&#x430;&#x437;. "&#x421;&#x43E;&#x432;&#x440;&#x435;&#x43C;&#x435;&#x43D;&#x43D;&#x430;&#x44F; &#x420;&#x43E;&#x441;&#x441;&#x438;&#x44F;" (&#x441;&#x43C;. ); &#x421; 21 &#x44F;&#x43D;&#x432;. 1907 &#x438;&#x437;&#x434;. &#x433;&#x430;&#x437;. "&#x421;&#x43E;&#x432;&#x440;&#x435;&#x43C;&#x435;&#x43D;&#x43D;&#x430;&#x44F; &#x440;&#x435;&#x447;&#x44C;" (&#x441;&#x43C;. )</subfield>
  </datafield>
  <datafield tag="430" ind1=" " ind2="0">
    <subfield code="1">001RU\NLR\DRGNLR\4491</subfield>
    <subfield code="1">2001#$a&#x421;&#x43E;&#x432;&#x440;&#x435;&#x43C;&#x435;&#x43D;&#x43D;&#x430;&#x44F; &#x420;&#x43E;&#x441;&#x441;&#x438;&#x44F;$f&#x420;&#x435;&#x434;.-&#x438;&#x437;&#x434;. &#x41D;.&#x413;.&#x41C;&#x43E;&#x43B;&#x43E;&#x441;&#x442;&#x432;&#x43E;&#x432;</subfield>
    <subfield code="9">10643953</subfield>
    <subfield code="c">&#x421;&#x41F;&#x431;</subfield>
    <subfield code="d">1906</subfield>
    <subfield code="f">&#x420;&#x435;&#x434;.-&#x438;&#x437;&#x434;. &#x41D;.&#x413;.&#x41C;&#x43E;&#x43B;&#x43E;&#x441;&#x442;&#x432;&#x43E;&#x432;</subfield>
    <subfield code="t">&#x421;&#x43E;&#x432;&#x440;&#x435;&#x43C;&#x435;&#x43D;&#x43D;&#x430;&#x44F; &#x420;&#x43E;&#x441;&#x441;&#x438;&#x44F;</subfield>
  </datafield>
  <datafield tag="440" ind1=" " ind2="0">
    <subfield code="1">001RU\NLR\DRGNLR\4490</subfield>
    <subfield code="1">2001#$a&#x421;&#x43E;&#x432;&#x440;&#x435;&#x43C;&#x435;&#x43D;&#x43D;&#x430;&#x44F; &#x440;&#x435;&#x447;&#x44C;$e&#x413;&#x430;&#x437;. &#x43F;&#x43E;&#x43B;&#x438;&#x442;., &#x44D;&#x43A;&#x43E;&#x43D;. &#x438; &#x43B;&#x438;&#x442;.$f&#x420;&#x435;&#x434;.-&#x438;&#x437;&#x434;. &#x41C;.&#x413;&#x43E;&#x440;&#x43E;&#x434;&#x435;&#x446;&#x43A;&#x438;&#x439;</subfield>
    <subfield code="9">10643950</subfield>
    <subfield code="c">&#x421;&#x41F;&#x431;</subfield>
    <subfield code="d">1907, 21 &#x44F;&#x43D;&#x432; - 20 &#x43C;&#x430;&#x44F;</subfield>
    <subfield code="f">&#x420;&#x435;&#x434;.-&#x438;&#x437;&#x434;. &#x41C;.&#x413;&#x43E;&#x440;&#x43E;&#x434;&#x435;&#x446;&#x43A;&#x438;&#x439;</subfield>
    <subfield code="o">&#x413;&#x430;&#x437;. &#x43F;&#x43E;&#x43B;&#x438;&#x442;., &#x44D;&#x43A;&#x43E;&#x43D;. &#x438; &#x43B;&#x438;&#x442;.</subfield>
    <subfield code="t">&#x421;&#x43E;&#x432;&#x440;&#x435;&#x43C;&#x435;&#x43D;&#x43D;&#x430;&#x44F; &#x440;&#x435;&#x447;&#x44C;</subfield>
  </datafield>
  <datafield tag="540" ind1="1" ind2=" ">
    <subfield code="a">&#x421;&#x43E;&#x432;&#x440;&#x435;&#x43C;&#x435;&#x43D;&#x43D;&#x430;&#x44F; &#x43C;&#x44B;&#x441;&#x43B;&#x44C;</subfield>
  </datafield>
  <datafield tag="702" ind1=" " ind2="1">
    <subfield code="a">&#x413;&#x440;&#x443;&#x437;&#x434;&#x435;&#x432;</subfield>
    <subfield code="b">&#x424;.&#x421;.</subfield>
    <subfield code="g">&#x424;&#x430;&#x432;&#x441;&#x442; &#x421;&#x435;&#x440;&#x433;&#x435;&#x435;&#x432;&#x438;&#x447;</subfield>
    <subfield code="4">340</subfield>
  </datafield>
  <datafield tag="801" ind1=" " ind2="0">
    <subfield code="a">RU</subfield>
    <subfield code="b">NLR</subfield>
    <subfield code="c">20080514</subfield>
    <subfield code="g">PSBO</subfield>
    <subfield code="2">gzdor_isis</subfield>
  </datafield>
  <datafield tag="801" ind1=" " ind2="2">
    <subfield code="a">RU</subfield>
    <subfield code="b">NLR</subfield>
    <subfield code="c">20080514</subfield>
    <subfield code="g">PSBO</subfield>
    <subfield code="2">rusmarc</subfield>
  </datafield>
  <datafield tag="852" ind1=" " ind2=" ">
    <subfield code="a">NLR</subfield>
    <subfield code="j">1-&#x41F;/1-154&#x431;&#x438;&#x441;</subfield>
  </datafield>
  <datafield tag="942" ind1=" " ind2=" ">
    <subfield code="c">NEWSPAPER</subfield>
  </datafield>
  <datafield tag="980" ind1=" " ind2=" ">
    <subfield code="a">DRG</subfield>
  </datafield>
</record>
